Normal view MARC view

Entry Personal Name

Number of records used in: 1

001 - CONTROL NUMBER

  • control field: 2068

003 - CONTROL NUMBER IDENTIFIER

  • control field: OSt

005 - DATE AND TIME OF LATEST TRANSACTION

  • control field: 20110428122847.0

008 - FIXED-LENGTH DATA ELEMENTS

  • fixed length control field: 110428|||a|||||| | ||| d

040 ## - CATALOGING SOURCE

  • Original cataloging agency: OSt
  • Transcribing agency: OSt

100 ## - HEADING--PERSONAL NAME

  • Personal name: West, D. J.
  • Fuller form of name: (Donald James),
  • Dates associated with a name: 1924-

670 ## - SOURCE DATA FOUND

  • Source citation: Work cat.: (OSt)0: West, D. J. (Donald James), 1924-, The habitual prisoner :, 1963.